000 00472nam a2200193Ia 4500
003 LK-CoDNM
008 010623t1925 xxu||||| |||| 00| 1 eng d
040 _aLK-CoDNM
_dLK-CoDNM
_eLK-CoDNM
041 _aeng
080 _a50
_bC11
100 _aDragoon,Etheleen
_eed.
245 _aThe Floret
260 _bWesleyan Mission
_aWellawaththa
_c1925
300 _b60P., 20 cm
650 _aMacbeth
650 _aMusic Drama
650 _aRabindranath Tagore
942 _cBK
999 _c92809
_d92809